000
00272nam a2200097Ia 4500
001
1250496
005
20251031150857.0
008
251031s9999 xx 000 0 und d
245
0
_c
HALLAC-I MANSUR
_a
G-5 CEHENNEM ACI ÇEKTİĞİMİZ YER DEĞİL
260
_b
DESTEK YAYINLARI
999
_c
1250496
_d
1250496